[Event "Barcelona 150 aniversity 3"]
[Site "Barcelona"]
[Date "2019.06.07"]
[Round "7.2"]
[White "Dominguez Diaz, Francisco"]
[Black "Cantero Magallon, Inigo"]
[Result "0-1"]
[WhiteElo "1325"]
[BlackElo "1103"]
[PlyCount "40"]
[EventDate "2019.04.26"]
[EventType "swiss"]
[EventRounds "9"]
[EventCountry "ESP"]
[SourceTitle "EXT 2024"]
[Source "ChessBase"]
[SourceDate "2023.10.10"]
[SourceVersion "1"]
[SourceVersionDate "2023.10.10"]
[SourceQuality "1"]

1. e4 e6 2. Nc3 Bb4 3. Nf3 Ne7 4. a3 Bxc3 5. bxc3 d5 6. exd5 exd5 7. Be2 0-0 8. d4 Bf5 9. 0-0 h6 10. Bb2 Nbc6 11. Re1 Qd7 12. Bb5 Qc8 13. c4 a6 14. Bxc6 Nxc6 15. cxd5 Na5 16. Nh4 Bh7 17. Re5 Nc4 18. Rh5 Nxb2 19. Qf3 Bg6 20. Nxg6 fxg6 0-1

[Event "Barcelona 150 aniversity 3"]
[Site "Barcelona"]
[Date "2019.05.31"]
[Round "6.4"]
[White "Cantero Magallon, Inigo"]
[Black "Perez Perez, Roberto"]
[Result "1/2-1/2"]
[WhiteElo "1103"]
[BlackElo "1427"]
[PlyCount "51"]
[EventDate "2019.04.26"]
[EventType "swiss"]
[EventRounds "9"]
[EventCountry "ESP"]
[SourceTitle "EXT 2024"]
[Source "ChessBase"]
[SourceDate "2023.10.10"]
[SourceVersion "1"]
[SourceVersionDate "2023.10.10"]
[SourceQuality "1"]

1. d4 d5 2. e3 Nf6 3. Bd3 e6 4. Nf3 Nbd7 5. c4 c6 6. Ne5 Nxe5 7. dxe5 Nd7 8. f4 Qh4+ 9. g3 Qd8 10. 0-0 Qb6 11. b3 Bc5 12. Qf3 Nf8 13. Ba3 Bxe3+ 14. Kg2 Bd4 15. Bxf8 Kxf8 16. Nd2 Bxa1 17. Rxa1 Qc7 18. Qh5 Qe7 19. Re1 Ke8 20. f5 exf5 21. Bxf5 Bxf5 22. Qxf5 Qe6 23. Qg5 Qg6 24. Qf4 Rd8 25. Rf1 h5 26. h4 1/2-1/2

[Event "Barcelona Tres Peons-C 47th"]
[Site "Barcelona"]
[Date "2018.06.01"]
[Round "6.1"]
[White "Cantero Magallon, Inigo"]
[Black "Membrives Cano, Diego"]
[Result "1/2-1/2"]
[WhiteElo "1456"]
[BlackElo "1266"]
[PlyCount "41"]
[EventDate "2018.04.27"]
[EventType "tourn"]
[EventRounds "9"]
[EventCountry "ESP"]
[SourceTitle "EXT 2024"]
[Source "ChessBase"]
[SourceDate "2023.10.10"]
[SourceVersion "1"]
[SourceVersionDate "2023.10.10"]
[SourceQuality "1"]

1. d4 Nf6 2. Nc3 d6 3. e4 Nbd7 4. Nf3 e5 5. dxe5 Nxe5 6. Nxe5 dxe5 7. Qxd8+ Kxd8 8. Bg5 c6 9. 0-0-0+ Kc7 10. f4 h6 11. Bxf6 gxf6 12. g3 Bg4 13. Rd3 Rd8 14. Rxd8 Kxd8 15. Bc4 Ke8 16. fxe5 b5 17. Bb3 fxe5 18. Rf1 Bh5 19. g4 Bg6 20. h4 h5 21. g5 1/2-1/2

[Event "Barcelona Tres Peons-C 47th"]
[Site "Barcelona"]
[Date "2018.05.25"]
[Round "5.1"]
[White "Perez Serrallonga, Maxima"]
[Black "Cantero Magallon, Inigo"]
[Result "0-1"]
[WhiteElo "1390"]
[BlackElo "1456"]
[PlyCount "68"]
[EventDate "2018.04.27"]
[EventType "tourn"]
[EventRounds "9"]
[EventCountry "ESP"]
[SourceTitle "EXT 2024"]
[Source "ChessBase"]
[SourceDate "2023.10.10"]
[SourceVersion "1"]
[SourceVersionDate "2023.10.10"]
[SourceQuality "1"]

1. d4 d5 2. c4 e6 3. Nf3 Nf6 4. Bg5 Be7 5. e3 0-0 6. Nc3 c6 7. cxd5 exd5 8. h3 Bf5 9. Ne5 Nbd7 10. Bd3 Bxd3 11. Nxd3 b6 12. 0-0 c5 13. dxc5 bxc5 14. Nf4 Nb6 15. Bxf6 Bxf6 16. Nfxd5 Nxd5 17. Nxd5 Bxb2 18. Rb1 Rb8 19. Qf3 Qa5 20. Ne7+ Kh8 21. Nc6 Qxa2 22. Nxb8 Rxb8 23. Rbd1 Kg8 24. Qf4 Rc8 25. Rd7 g6 26. Rc7 Rxc7 27. Qxc7 c4 28. Rd1 c3 29. Rd8+ Kg7 30. Rd7 Ba1 31. Qe5+ Kh6 32. Qf4+ Kg7 33. Qe4 a5 34. Kh2 Qxf2 0-1

[Event "Barcelona Tres Peons-C 47th"]
[Site "Barcelona"]
[Date "2018.05.11"]
[Round "3.1"]
[White "Garcia Miralles, Eduard"]
[Black "Cantero Magallon, Inigo"]
[Result "1-0"]
[WhiteElo "1414"]
[BlackElo "1456"]
[PlyCount "43"]
[EventDate "2018.04.27"]
[EventType "tourn"]
[EventRounds "9"]
[EventCountry "ESP"]
[SourceTitle "EXT 2024"]
[Source "ChessBase"]
[SourceDate "2023.10.10"]
[SourceVersion "1"]
[SourceVersionDate "2023.10.10"]
[SourceQuality "1"]

1. e4 e5 2. Nf3 Nc6 3. Bc4 Bc5 4. 0-0 Nf6 5. d4 exd4 6. e5 Ng4 7. h3 Ngxe5 8. Nxe5 Nxe5 9. Re1 d6 10. f4 d3+ 11. Kh1 dxc2 12. Qxc2 Qh4 13. Qe2 Bg4 14. Qf1 0-0 15. fxe5 Be6 16. Be2 dxe5 17. Nc3 Rad8 18. Rd1 Rxd1 19. Bxd1 Rd8 20. Bf3 b6 21. Ne4 Bd4 22. Bg5 1-0